000
00466nam a2200145Ia 4500
008
100204s9999 xx 000 0 und d
082
_b
16181
100
_a
बांदोडकर व. पू./बांदोडकर गो. पू.
245
_a
मेख
260
_b
"बांदोडकर पब्लिशिंग हाऊस, गोवा"
_c
1993
300
_a
205
630
_a
मेख
730
_a
मेख
942
_c
BOOK
999
_c
460604
_d
460601